000 00672nam a2200265Ia 4500
005 20260121165133.0
008 008 260114s9999 xx 000 0 eng d
020 _a9781137602220
037 _aEBOOK
040 _aCRL
040 _beng
040 _cCRL
041 _2eng
041 _aeng
084 _qCRL
100 _aJeroen Scheerder, Annick Willem, Elien Claes
_91047985
245 0 _aSport Policy Systems and Sport Federations
260 _bSpringer
260 _bSpringer
260 _c2017
856 _uhttps://link.springer.com/openurl?genre=book&isbn=978-1-137-60222-0
942 _cEBOOK
999 _c1613710
_d1613710